01368nam a2200313Ia 4500001001200000003000800012006001900020007001500039008004100054020001800095020001500113040002100128035002100149050002300170100001900193245011200212260011500324300002300439504005100462533015200513650005500665650004700720650005000767655002900817710004800846710001700894856012600911999001701037ebr10274036CaPaEBRm u cr cn|||||||||080827s2008 enka sb 001 0 eng d z9780335227167 z0335227163 aCaPaEBRcCaPaEBR a(OCoLC)31752124514aLA627b.M66 2008eb1 aMoodie, Gavin.10aFrom vocational to higher educationh[electronic resource] :ban international perspective /cGavin Moodie. aMaidenhead, England :bOpen University Press ;a[London] :bSociety for Research into Higher Education,c2008. axv, 200 p. :bill. aIncludes bibliographical references and index. aElectronic reproduction.bPalo Alto, Calif. :cebrary,d2009.nAvailable via World Wide Web.nAccess may be limited to ebrary affiliated libraries. 0aEducation, HigherzEuropevCross-cultural studies. 0aEducation, HighervCross-cultural studies. 0aVocational educationvCross-cultural studies. 7aElectronic books.2local2 aSociety for Research into Higher Education.2 aebrary, Inc.40uhttp://site.ebrary.com/lib/rucke/Doc?id=10274036zAn electronic book accessible through the World Wide Web; click to view c21278d21278